Normal view
MARC view
Entry Personal Name
001 - CONTROL NUMBER
- control field: 66353
003 - CONTROL NUMBER IDENTIFIER
- control field: dpl
005 - DATE AND TIME OF LATEST TRANSACTION
- control field: 20240517141419.0
008 - FIXED-LENGTH DATA ELEMENTS
- fixed length control field: 240517|| aca||aabn | a|a d
040 ## - CATALOGING SOURCE
- Original cataloging agency: dpl
- Transcribing agency: dpl
100 ## - HEADING--PERSONAL NAME
- Personal name: Barnett, Stephen
670 ## - SOURCE DATA FOUND
- Source citation: Work cat.: (dpl)202951: Barnett, Stephen, Reward for Hard Work /, 2023
